000
00290nam a2200109Ia 4500
008
171204s9999 xx 000 0 und d
245
_a
Principles of Web Design:
245
_c
Joel Sklar
260
_c
2015
650
_x
Web Design
856
_u
http://down.ebook777.com/011/9781285852645.pdf
999
_c
345987
_d
345987